| 000 | 00625nam a2200181 a 4500 | ||
|---|---|---|---|
| 005 | 20150128140403.0 | ||
| 008 | 150128b2005 ck ||||| |||| 00| 0 spa d | ||
| 020 | _a9589778593 | ||
| 040 |
_aCO-BoIAVH _cCO-BoIAVH |
||
| 041 | _aspa | ||
| 090 |
_aLB _b04988 |
||
| 110 | 2 |
_aColombia _bMinisterio de Ambiente Vivienda y Desarrollo Territorial _932190 |
|
| 245 | 1 | 0 |
_aExención en renta por servicios ecoturismo: _bmanual de uso |
| 260 |
_aBogotá: _bMinisterio de Ambiente, Vivienda y Desarrollo Territorial, _bEmbajada Real de los Paises Bajos; _c2005. |
||
| 300 |
_a27 p. _c28 cm. |
||
| 942 |
_cFolleto _2ddc |
||
| 945 | _d2007-08-02 | ||
| 999 |
_c5732 _d5732 |
||